000 00445nam a2200181Ia 4500
003 GCL
008 140319s9999 xx 000 0 eng d
040 _aGCL /
_cGCL
082 0 4 _a642.6
_bE T
100 1 _aEVELEGH TESSA
245 1 0 _aTABLE SETTINGS /
_cEVELEGH TESSA
260 _a[S.N] :
_bLORENZ BOOKS
300 _a160 P
650 0 4 _aINTERIOR DECORATION
650 0 4 _aHOUSE DECORATION
650 0 4 _aTABLE - SETTINGS
942 _2ddc
_cBK
999 _c14511
_d14511